[Event "IECC Y2KO email"]
[Site "IECC email"]
[Date "1999.10.14"]
[Round "?"]
[White "Feinstein, Adam"]
[Black "Vinther, Svante"]
[Result "1-0"]
[WhiteElo "1772"]
[BlackElo "1022"]
[PlyCount "79"]
[EventDate "1999.??.??"]
[EventType "tourn (corr)"]
[EventRounds "2"]
[SourceTitle "Corr 2008"]
[Source "ChessBase"]
[SourceDate "2008.06.24"]
[SourceVersion "1"]
[SourceVersionDate "2008.06.24"]
[SourceQuality "1"]

1. d4 d5 2. c4 dxc4 3. Nf3 Nf6 4. Nc3 Bf5 5. e3 e6 6. Bxc4 a6 7. a4 Bb4 8. Qb3 Nc6 9. 0-0 0-0 10. d5 exd5 11. Nxd5 Nxd5 12. Bxd5 a5 13. e4 Bg4 14. Rd1 Qe7 15. Bg5 Qe8 16. Rd3 h6 17. Bxh6 Ne5 18. Nxe5 Qxe5 19. Rg3 gxh6 20. Rxg4+ Kh7 21. Bxf7 Rad8 22. Bg6+ Kh8 23. Qh3 Bd2 24. Rf1 Qxb2 25. f4 Qd4+ 26. Kh1 Bxf4 27. Rgxf4 Qg7 28. Rxf8+ Rxf8 29. Rxf8+ Qxf8 30. Qf5 Qd8 31. Qe5+ Kg8 32. Qe8+ Qxe8 33. Bxe8 Kf8 34. Bb5 Ke7 35. g4 c5 36. h4 Kf6 37. Kg2 b6 38. Kf3 Ke5 39. g5 h5 40. Ke3 1-0